Hybrid Finanical Instruments (Record no. 342746)

000 -LEADER
fixed length control field 00375 a2200145 4500
003 - CONTROL NUMBER IDENTIFIER
control field OSt
005 - DATE AND TIME OF LATEST TRANSACTION
control field 20180116182619.0
008 - FIXED-LENGTH DATA ELEMENTS--GENERAL INFORMATION
fixed length control field 160425b xxu||||| |||| 00| 0 eng d
022 ## - INTERNATIONAL STANDARD SERIAL NUMBER
International Standard Serial Number 0852974574
040 ## - CATALOGING SOURCE
Transcribing agency 0
100 ## - MAIN ENTRY--PERSONAL NAME
Personal name Brian Coyle
245 ## - TITLE STATEMENT
Title Hybrid Finanical Instruments
260 ## - PUBLICATION, DISTRIBUTION, ETC.
Place of publication, distribution, etc. Canterbury
Name of publisher, distributor, etc. Financial World Publishing
Date of publication, distribution, etc. 2000
942 ## - ADDED ENTRY ELEMENTS (KOHA)
Institution code [OBSOLETE] NBS
Koha item type Book
Call number prefix 658.15 COY
Source of classification or shelving scheme
Holdings
Withdrawn status Lost status Damaged status Not for loan Permanent Location Current Location Date acquired Full call number Barcode Date last seen Price effective from Koha item type
        Central Library (CL) Central Library (CL) 08/28/2013 658.15 COY NBS5230 08/11/2014 08/28/2013 Reference
© 2023 Central Library, National University of Sciences and Technology. All Rights Reserved.